000 00501nam a22001457a 4500
999 _c16036
_d16036
008 210210b ||||| |||| 00| 0 eng d
022 _a0732-8435
082 _aDPer 657.05 C33 Sept - Dec 2011, v. 81 n. 9 - 12
100 _aAwad, Ralph.
_942994
245 _aConsiderations on cloud computing for CPAs/
_cRalph Awad.
260 _aNew York:
_bThe New York State Society of CPA,
_c©2011.
300 _av81 n9, pages 11-12:
_c28 cm.
650 _aComputer storage devices.
_942729
942 _2ddc
_cPER